Методика преподавания в современной школе: актуальные проблемы и инновационные решения (Запись № 13670922)

Подробности
000 -МАРКЕР
контрольное поле 02559nam0a2200373 4500
001 - ИДЕНТИФИКАТОР ЗАПИСИ
контрольное поле RU\NLR\BIBL_A\022456582
005 - ИДЕНТИФИКАТОР ВЕРСИИ
контрольное поле 20260420025635.0
010 ## - МЕЖДУНАРОДНЫЙ СТАНДАРТНЫЙ НОМЕР КНИГИ (ISBN)
Номер (ISBN) 978-5-8064-3557-7
Тираж 100
021 ## - НОМЕР ГОСУДАРСТВЕННОЙ РЕГИСТРАЦИИ
Код страны Российская Федерация
Номер КН-П-24-081075
Номер Листа государственной регистраци КН-П-24-8088
035 ## - ДРУГИЕ СИСТЕМНЫЕ НОМЕРА
Идентификатор записи (NLR Aleph) 022456582
100 ## - ДАННЫЕ ОБЩЕЙ ОБРАБОТКИ
Данные общей обработки 20250213d2024 k y0rusy50 ca
101 0# - ЯЗЫК РЕСУРСА
Язык текста, звукозаписи и т.д. русский
Язык резюме английский
102 ## - СТРАНА ПУБЛИКАЦИИ ИЛИ ПРОИЗВОДСТВА
Страна публикации Российская Федерация
105 ## - ПОЛЕ КОДИРОВАННЫХ ДАННЫХ: ТЕКСТОВЫЕ МАТЕРИАЛЫ, МОНОГРАФИЧЕСКИЕ
Кодированные данные о монографическом текстовом документе a z 100yy
181 #0 - ПОЛЕ КОДИРОВАННЫХ ДАННЫХ: ВИД СОДЕРЖАНИЯ
Код вида содержания (ISBD) i
Код характеристики содержания (ISBD) axxe
182 #0 - ПОЛЕ КОДИРОВАННЫХ ДАННЫХ: ТИП СРЕДСТВА
Код типа средства (ISBD) n - непосредственное
200 1# - ЗАГЛАВИЕ И СВЕДЕНИЯ ОБ ОТВЕТСТВЕННОСТИ
Основное заглавие Методика преподавания в современной школе: актуальные проблемы и инновационные решения
Сведения, относящиеся к заглавию материалы II Российско-узбекской научно-практической конференции, Ташкент, 15–16 ноября 2024 года
Первые сведения об ответственности Российский государственный педагогический университет им. А. И. Герцена
Последующие сведения об ответственности редакционная коллегия: С. В. Тарасов (сопредседатель) [и др.]
203 ## - ВИД СОДЕРЖАНИЯ И ТИП СРЕДСТВА
Вид содержания Текст
Дополнительные сведения об издании визуальный
Тип средства непосредственный
210 ## - ПУБЛИКАЦИЯ, РАСПРОСТРАНЕНИЕ И ДР.
Место издания, распространения и т.д. Санкт-Петербург
Имя издателя, распространителя и т. д. Изд-во РГПУ им. А. И. Герцена
Дата издания, распространения и т.д. 2024
215 ## - ФИЗИЧЕСКАЯ ХАРАКТЕРИСТИКА
Специфическое обозначение материала и объем 471, [1] с.
Другие сведения о физической характеристике ил., табл.
Размеры 21
300 ## - ОБЩИЕ ПРИМЕЧАНИЯ
Текст примечания На с. 101–102 QR-коды ссылок на доп. информ.
300 ## - ОБЩИЕ ПРИМЕЧАНИЯ
Текст примечания Рез. англ.
320 ## - ПРИМЕЧАНИЯ О НАЛИЧИИ В ДОКУМЕНТЕ БИБЛИОГРАФИИ / УКАЗАТЕЛЯ
Текст примечания Библиогр. в конце ст.
606 1# - НАИМЕНОВАНИЕ ТЕМЫ КАК ПРЕДМЕТ
Наименование темы Школы
Формальный подзаголовок Съезды, совещания и т.п
Тематический подзаголовок Преподавание
Системный номер авторитетной/нормативной записи 2609688
Идентификатор авторитетной/нормативной записи RU\NLR\AUTH\661546246
686 1# - ИНДЕКСЫ ДРУГИХ КЛАССИФИКАЦИЙ
Индекс Ч421.2я431
702 #1 - ИМЯ ЛИЦА - ВТОРИЧНАЯ ОТВЕТСТВЕННОСТЬ
Код отношения Редактор
Графика поля Кириллица
Материалы, к которым относится поле rus
Начальный элемент ввода Тарасов
Часть имени, кроме начального элемента ввода С. В.
Дополнения к именам, кроме дат д-р пед. наук, канд. психол. наук
Даты 1966-
Расширение инициалов личного имени Сергей Валентинович
Системный номер авторитетной/нормативной записи 34547
Идентификатор авторитетной/нормативной записи RU\NLR\AUTH\7751614
711 12 - НАИМЕНОВАНИЕ ОРГАНИЗАЦИИ - АЛЬТЕРНАТИВНАЯ ОТВЕТСТВЕННОСТЬ
Начальный элемент ввода "Методика преподавания в современной школе: актуальные проблемы и инновационные решения", российско-узбекская научно-практическая конференция
Порядковый номер временной организации и / или порядковый номер ее части 2
Место проведения временной организации Ташкент
Дата проведения временной организации 2024
Системный номер авторитетной/нормативной записи 2655796
Идентификатор авторитетной/нормативной записи RU\NLR\AUTH\880623428
712 02 - НАИМЕНОВАНИЕ ОРГАНИЗАЦИИ - ВТОРИЧНАЯ ОТВЕТСТВЕННОСТЬ
Код отношения Издающая организация
Начальный элемент ввода Российский государственный педагогический университет им. А. И. Герцена
Идентифицирующий признак Санкт-Петербург
Системный номер авторитетной/нормативной записи 353794
Идентификатор авторитетной/нормативной записи RU\NLR\AUTH\889929136
942 ## - ДОПОЛНИТЕЛЬНЫЕ ЭЛЕМЕНТЫ ЗАПИСИ (АБИС)
Тип экземпляра АБИС Книга
980 ## - КОЛЛЕКЦИЯ
Название коллекции Национальная библиография

Нет доступных экземпляров.